<?xml version="1.0" encoding="UTF-8"?>
<record
    xmlns:xsi="http://www.w3.org/2001/XMLSchema-instance"
    xsi:schemaLocation="http://www.loc.gov/MARC21/slim http://www.loc.gov/standards/marcxml/schema/MARC21slim.xsd"
    xmlns="http://www.loc.gov/MARC21/slim">

  <leader>00562nam a2200205Ia 4500</leader>
  <controlfield tag="008">230125s9999    xx            000 0 und d</controlfield>
  <datafield tag="020" ind1=" " ind2=" ">
    <subfield code="a">81-259-1449-8</subfield>
  </datafield>
  <datafield tag="041" ind1=" " ind2=" ">
    <subfield code="a">eng</subfield>
  </datafield>
  <datafield tag="082" ind1=" " ind2=" ">
    <subfield code="a">658.8</subfield>
    <subfield code="b">GAU</subfield>
  </datafield>
  <datafield tag="100" ind1=" " ind2=" ">
    <subfield code="a">Gaur S S</subfield>
    <subfield code="9">109471</subfield>
  </datafield>
  <datafield tag="245" ind1=" " ind2=" ">
    <subfield code="a">Event Marketing and Management</subfield>
  </datafield>
  <datafield tag="250" ind1=" " ind2=" ">
    <subfield code="a">1st ed</subfield>
  </datafield>
  <datafield tag="260" ind1=" " ind2=" ">
    <subfield code="c">2001</subfield>
    <subfield code="b">Vikas Publishing House Pvt. Ltd.</subfield>
    <subfield code="a">New Delhi</subfield>
  </datafield>
  <datafield tag="300" ind1=" " ind2=" ">
    <subfield code="a">243p</subfield>
  </datafield>
  <datafield tag="500" ind1=" " ind2=" ">
    <subfield code="a">Event marketing;Event management;advertising</subfield>
  </datafield>
  <datafield tag="650" ind1=" " ind2=" ">
    <subfield code="a">Advertising</subfield>
  </datafield>
  <datafield tag="700" ind1=" " ind2=" ">
    <subfield code="a">Gaur S S &amp; Saggere S V</subfield>
    <subfield code="9">109472</subfield>
  </datafield>
  <datafield tag="906" ind1=" " ind2=" ">
    <subfield code="b">36</subfield>
  </datafield>
  <datafield tag="999" ind1=" " ind2=" ">
    <subfield code="c">86162</subfield>
    <subfield code="d">86162</subfield>
  </datafield>
  <datafield tag="952" ind1=" " ind2=" ">
    <subfield code="0">0</subfield>
    <subfield code="1">0</subfield>
    <subfield code="4">0</subfield>
    <subfield code="7">0</subfield>
    <subfield code="a">HIMR</subfield>
    <subfield code="b">HIMR</subfield>
    <subfield code="d">2002-07-05</subfield>
    <subfield code="e">Popular Book House</subfield>
    <subfield code="g">240.00</subfield>
    <subfield code="i">130</subfield>
    <subfield code="l">0</subfield>
    <subfield code="o">658.8 GAU B03137</subfield>
    <subfield code="p">HIMR-BK-3137</subfield>
    <subfield code="r">2023-01-25 00:00:00</subfield>
    <subfield code="v">204.00</subfield>
    <subfield code="w">2002-06-25</subfield>
    <subfield code="y">BK</subfield>
    <subfield code="z">B03137</subfield>
  </datafield>
  <datafield tag="952" ind1=" " ind2=" ">
    <subfield code="0">0</subfield>
    <subfield code="1">0</subfield>
    <subfield code="4">0</subfield>
    <subfield code="7">0</subfield>
    <subfield code="a">HIMR</subfield>
    <subfield code="b">HIMR</subfield>
    <subfield code="d">2005-03-28</subfield>
    <subfield code="e">Manneys Book seller</subfield>
    <subfield code="g">240.00</subfield>
    <subfield code="i">453/24.3.2005</subfield>
    <subfield code="l">0</subfield>
    <subfield code="o">658.8 GAU B04478</subfield>
    <subfield code="p">HIMR-BK-4478</subfield>
    <subfield code="r">2023-01-25 00:00:00</subfield>
    <subfield code="v">204.00</subfield>
    <subfield code="w">2005-03-28</subfield>
    <subfield code="y">BK</subfield>
    <subfield code="z">B04478</subfield>
  </datafield>
  <datafield tag="952" ind1=" " ind2=" ">
    <subfield code="0">0</subfield>
    <subfield code="1">0</subfield>
    <subfield code="4">0</subfield>
    <subfield code="7">0</subfield>
    <subfield code="a">HIMR</subfield>
    <subfield code="b">HIMR</subfield>
    <subfield code="d">2009-10-09</subfield>
    <subfield code="e">Satya Gilani</subfield>
    <subfield code="o">658.8 GAU DB1504</subfield>
    <subfield code="p">HIMR-DB-1504</subfield>
    <subfield code="r">2023-01-25 00:00:00</subfield>
    <subfield code="w">2009-09-26</subfield>
    <subfield code="y">DB</subfield>
    <subfield code="z">DB1504</subfield>
  </datafield>
</record>
